000 00512nam a22001817a 4500
005 20250513161759.0
008 250513b |||||||| |||| 00| 0 eng d
020 _a9788024643793
_qpbk
041 _aeng
082 _a282.092
_bSLA
100 _aSládek, Karel
245 _aTomás Spidlík
_bA Theological Life
_c/ Karel Sládek
250 _a1st ed.
260 _bkarolinum Press
_cc2019
300 _a112 p.
_c21 cm.
650 _a Catholicism RELIGION; Christian Theology; christian
942 _cENGLISH
999 _c571108
_d571108